000 01389nam a22003137a 4500
999 _c94645
_d94645
005 20230301114729.0
010 _a1516EN07 ENG-113351 ENG-136079
020 _a9789383098767
_c995.00
035 _aEN-96883
035 _aB-604429-433
035 _aB-667426
035 _aEN-119611
037 _bAakar/ven
037 _bDBAD/PUB
082 _a796.51095452
100 _aShukla, Avay
245 _aThe trails less travelled :
_btrekking the Himachal Himalayas /
_cby Avay Shukla
260 _aNew Delhi
_bNiyogi Books
_c2015
270 _aD-78, Okhla Industrial Area, Phase-I,
_bNew Delhi
_e110020
300 _a255p.
_c23cm(pbk)
_bcol. ill.
500 _a"Includes treks through the great Himalayan National Park-a UNESCO world heritage site"--Cover.
500 _aIncludes index
600 _aShukla, Avay,
_d1950-
_xTravel
_zIndia
_zHimachal Pradesh.
650 _aHiking
_zIndia
_zHimachal Pradesh.
650 _a Forests and forestry
_zIndia
_zHimachal Pradesh.
942 _2ddc
_cEN
_mSHU
_h796.51095452